00752cam a2200157 a 4500020003200000050001700032100001800049245009000067260003600157300004600193500002000239505024500259650004000504700002700544700002300571 a0070004994 (acidfree paper)00aHV9950b.A351 aAdler, Freda.00aCriminal justice :bthe core /cFreda Adler, Gerhard O.W. Mueller, William S. Laufer. aNew York :bMcGraw-Hill,c1996. axix, 405 p. :bill. (some col.) ;c26 cm. aIncludes index. aThe universe of crime and justice -- Crime control and politics -- Crime and criminals -- The police -- Police functions -- The courts -- Lawyers and judges -- Sentencing -- Corrections -- A complementary justice system -- Juvenile justice. 0aCriminal justice, Administration of1 aMueller, Gerhard O. W.1 aLaufer, William S.